书目信息 |
| 题名: |
秧歌剧选
|
|
| 作者: | 张庚 编 | |
| 分册: | ||
| 出版信息: | 北京 人民文学出版社 1977 |
|
| 页数: | 513页 | |
| 开本: | 20cm | |
| 丛书名: | ||
| 单 册: | ||
| 中图分类: | I233.7 | |
| 科图分类: | ||
| 主题词: | 秧歌剧--剧本--中国--现代 | |
| 电子资源: | ||
| ISBN: | 10019.2478 | |
| 000 | 00631nam0 2200241 450 | |
| 001 | 0177000431 | |
| 005 | 20100712215234.0 | |
| 010 | @a10019.2478@dCNY1.25 | |
| 091 | @a10019.2478 | |
| 100 | @a19951012d1977 em y0chiy0110 ea | |
| 101 | 0 | @achi |
| 102 | @aCN@b110000 | |
| 105 | @ay z 000by | |
| 106 | @ar | |
| 200 | 1 | @a秧歌剧选@9Yang Ge Ju Xuan @f张庚编 |
| 205 | @a新1版 | |
| 210 | @a北京@c人民文学出版社@d1977 | |
| 215 | @a513页@d20cm | |
| 606 | 0 | @a秧歌剧@x剧本@y中国@z现代 |
| 690 | @aI233.7@v3 | |
| 701 | 0 | @a张庚@9zhang geng@f(1911~2003)@4编 |
| 801 | 0 | @aCN@bAzMarc@c20130904 |
| 905 | @aBZT@dI233.7@e4@f1@sI233.7/4 | |
| 秧歌剧选/张庚编.-新1版.-北京:人民文学出版社,1977 |
| 513页;20cm |
| ISBN 10019.2478:CNY1.25 |
| ● |
| 相关链接 |
|
|
|
正题名:秧歌剧选
索取号:I233.7/4
 
预约/预借
| 序号 | 登录号 | 条形码 | 馆藏地/架位号 | 状态 | 备注 |
| 1 | 2000082006 | 2000082006 | 旧书回溯/ [索取号:I233.7/4] | 在馆 |